| 000 | 00679nam a2200241Ia 4500 | ||
|---|---|---|---|
| 005 | 20251020182612.0 | ||
| 008 | 200515s9999 xx 000 0 und d | ||
| 082 | _aSC/678.04+691.5/S51 | ||
| 110 | _aSika Andina | ||
| 245 | 0 | _aManual de la vivienda Sika | |
| 260 | _aBogotá, D.C. | ||
| 260 | _c1989 | ||
| 300 | _a101 | ||
| 520 | _aDescripción técnica de los productos Sika conocida mundialmente por su especialidad en el ramo de la química para la construcción | ||
| 650 | _aACELERANTES | ||
| 650 | _aIMPERMEABILIZANTES | ||
| 650 | _aINMUNIZANTES | ||
| 650 | _aMANUALES | ||
| 650 | _aRECUBRIMIENTOS | ||
| 650 | _aSELLADORES | ||
| 650 | _aSIKA | ||
| 942 | _cLIB | ||
| 999 |
_c3370 _d3370 |
||